Metodología de las ciencias naturales /

Guardado en:
Autor Principal: Valls, Vicente
Formato: Libro
Publicado: Buenos Aires : Losada, 1965
Edición:4a. ed.
Series:Cuadernos de Trabajo
Materias:
Etiquetas: Agregar Etiqueta
Sin Etiquetas, Sea el primero en etiquetar este registro!
LEADER 00654nam a22002175a 4500
001 CEM.cems006417
005 20060214000000.0
008 130507s1965##################000#0#####d
003 CEMS
082 0 4 |a 372.857 
100 1 |a Valls, Vicente 
245 1 0 |a Metodología de las ciencias naturales / 
250 |a 4a. ed. 
260 |a Buenos Aires :  |b Losada,  |c 1965 
300 |a 114 p. 
490 0 |a Cuadernos de Trabajo 
653 |a Biología-didactica 
653 |a Didactica de la biología 
653 |a Educacion 
859 |a CEMS  |b BIB. CEMS - 11 de abril  |h 372.857  |i V245A4  |p 3716.75  |t Ej.1 
859 |a CEMS  |b BIB. CEMS - 11 de abril  |h 372.857  |i V245A4  |p 3757.75  |t Ej.2